|
|
|
|
| LEADER |
00631nam#a2200217#a#4500 |
| 001 |
001137 |
| 005 |
20160721141907.0 |
| 008 |
950728s1968####ag##################spa#d |
| 040 |
|
|
|a AR-BeUNQ
|
| 099 |
|
|
|a 03-D5
|
| 100 |
1 |
|
|a Dommergues, Pierre
|
| 245 |
1 |
3 |
|a Los escritos norteamericanos de hoy
|c Pierre Dommergues.
|
| 260 |
|
|
|a Buenos Aires :
|b EUDEBA,
|c 1968
|
| 300 |
|
|
|a 120 p
|
| 490 |
0 |
|
|a Los indispensables
|
| 650 |
|
7 |
|a LITERATURA (ARTE)
|2 spines
|
| 650 |
|
7 |
|a PENSAMIENTO (LITERATURA)
|2 spines
|
| 651 |
|
7 |
|a ESTADOS UNIDOS
|2 toit
|
| 929 |
|
|
|a COMPRA
|b Eudeba
|c Exp. 827-0207/95
|d 4,90
|e 1995
|j 11514
|
| 942 |
|
|
|c LIB
|n 0
|
| 999 |
|
|
|c 3938
|d 79325
|